00475nam a2200157Ia 4500008004100000020001400041082001600055100002200071245005500093250000700148260004500155300002700200500001900227600002100246650005000267240925s9999 xx 000 0 und d a131209655 a005.133 HEN aHenricson, Mats , 0aIndustrial Strength C++: rules and recommendations aNA aNew Jersey:bPrintice- Hall Int.c,1997. axv,288p.bNAfOriginal aIncludes Index aComputer Science aComputer science, information & general works